UBT Library

CLINICAL ONCOLOGY (Record no. 6485)

000 -LEADER
fixed length control field 00291nam a22001337a 4500
008 - FIXED-LENGTH DATA ELEMENTS--GENERAL INFORMATION
fixed length control field 170301b xxu||||| |||| 00| 0 eng d
020 ## - INTERNATIONAL STANDARD BOOK NUMBER
International Standard Book Number 9780443066290
041 ## - LANGUAGE CODE
Language code of text/sound track or separate title eng
080 ## - UNIVERSAL DECIMAL CLASSIFICATION NUMBER
Edition identifier 3RD
Universal Decimal Classification number 617
100 ## - Rafti
Rafti 6
101 ## - Shkurtesa
Shkurtesa SHK
245 ## - TITLE STATEMENT
Title CLINICAL ONCOLOGY
Statement of responsibility, etc ABELOFF, M.D
942 ## - ADDED ENTRY ELEMENTS (KOHA)
Source of classification or shelving scheme
Item type Books
Holdings
Withdrawn status Lost status Source of classification or shelving scheme Damaged status Not for loan Collection code Permanent location Current location Shelving location Date acquired Total Checkouts Full call number Barcode Date last seen Price effective from Koha item type
          Koleksioni i përgjithshem UBT - Lipjan UBT - Lipjan Koleksioni i përgjithshem 03/01/2017   617 ABE 002-037200 03/01/2017 03/01/2017 Books
UBT Library © 2015-2024. All rights reserved University Education for Business and Technology